Normal view
MARC view
- American Bar Association.
Entry Corporate Name
001 - CONTROL NUMBER
- control field: 83565
003 - CONTROL NUMBER IDENTIFIER
- control field: NUST
005 - DATE AND TIME OF LATEST TRANSACTION
- control field: 20211101092708.0
008 - FIXED-LENGTH DATA ELEMENTS
- fixed length control field: 211101|| aca||aabn | a|a d
040 ## - CATALOGING SOURCE
- Original cataloging agency: NUST
- Transcribing agency: NUST
110 ## - HEADING--CORPORATE NAME
- Corporate name or jurisdiction name as entry element: American Bar Association.
- Subordinate unit: Section of International Law
670 ## - SOURCE DATA FOUND
- Source citation: Work cat.: (NUST)0: Zimmerman, James M., 1958- author. 83563, China law deskbook :
